<?xml version="1.0" encoding="UTF-8"?>
<marc:record xmlns:marc="http://www.loc.gov/MARC21/slim">
   <marc:leader>00000nam a2200000 a 4500</marc:leader>
   <marc:datafield ind1="1" ind2=" " tag="100">
      <marc:subfield code="a">Fischer, Erica</marc:subfield>
      <marc:subfield code="4">aut</marc:subfield>
      <marc:subfield code="e">Verfasser/-in</marc:subfield>
   </marc:datafield>
   <marc:datafield ind1=" " ind2=" " tag="653">
      <marc:subfield code="a">Zweiter Weltkrieg</marc:subfield>
   </marc:datafield>
   <marc:datafield ind1=" " ind2=" " tag="653">
      <marc:subfield code="a">Nationalsozialismus</marc:subfield>
   </marc:datafield>
   <marc:datafield ind1="0" ind2="0" tag="245">
      <marc:subfield code="a">Das Wichtigste ist, sich selber treu zu bleiben</marc:subfield>
   </marc:datafield>
   <marc:datafield ind1="0" ind2="0" tag="245">
      <marc:subfield code="b">die Geschichte der Zwillingsschwestern Rosl und Liesl</marc:subfield>
   </marc:datafield>
   <marc:datafield ind1="0" ind2="0" tag="245">
      <marc:subfield code="c">Erica Fischer</marc:subfield>
   </marc:datafield>
   <marc:datafield ind1=" " ind2="1" tag="264">
      <marc:subfield code="a">Heidelberg</marc:subfield>
      <marc:subfield code="b">Ueberreuter</marc:subfield>
      <marc:subfield code="c">2005</marc:subfield>
   </marc:datafield>
   <marc:datafield ind1="1" ind2=" " tag="520">
      <marc:subfield code="a">Die wahre Lebensgeschichte zweier Schwestern, die zusammenhalten und ein Leben lang zu ihrer Überzeugung stehen. (BO)      Erica Fischer, bekennende Feministin und bekannt durch den 1994 veröffentlichten Welterfolg "Aimée &amp; Jaguar", erzählt in ihrem neuesten Werk die mitreißende Lebensgeschichte der 1920 in Wien geborenen Zwillingsschwestern Rosl und Liesl Brunner. Ihr Vater ist ein engagiertes Mitglied der KPÖ und auch die Mädchen sind früh beim kommunistischen Jugendverband aktiv. Als der Nationalsozialismus in Österreich immer mehr Anhänger findet, werden Bespitzelung, Verhaftungen und Verhöre alltäglich für die Familie. Trotzdem bleiben sie ihrer Überzeugung treu, sind weiterhin engagierte Kommunisten und Gegner des Nationalsozialismus und kämpfen für Freiheit und Gerechtigkeit.   Mit der Lebensgeschichte der Schwestern im Vordergrund, macht Erica Fischer die österreichische Geschichte von der Zwischenkriegszeit bis 1968 lebendig und beschreibt wichtige politische Ereignisse sowie die Situation des Volkes mit ihrem lockeren und klaren Erzählstil. Durch zahlreiche Bilder und Briefe wird der Text noch anschaulicher. Eine Geschichte, die jeden Einzelnen motiviert, zu seiner Überzeugung zu stehen und seine Meinung zu vertreten, egal was andere davon halten.  *bn* Preiner Stefanie</marc:subfield>
   </marc:datafield>
   <marc:datafield ind1=" " ind2=" " tag="020">
      <marc:subfield code="a">9783800070817</marc:subfield>
      <marc:subfield code="9">9783800070817</marc:subfield>
   </marc:datafield>
   <marc:datafield ind1=" " ind2=" " tag="041">
      <marc:subfield code="a">ger</marc:subfield>
   </marc:datafield>
   <marc:datafield ind1=" " ind2=" " tag="300">
      <marc:subfield code="a">207 S. : Ill.</marc:subfield>
   </marc:datafield>
</marc:record>
